Library of the University of Algiers 3
Ibrahim Sultan Cheibout
شعار جامعة الجزائر 3
مكتبة جامعة الجزائر 3
إبراهيم سلطان شيبوط

عقد المضاربة : (رقم التسجيلة. 45409)

تفاصيل مارك
000 -LEADER
fixed length control field 01422nam a2200229Ia 4500
003 - CONTROL NUMBER IDENTIFIER
control field Ost
005 - DATE AND TIME OF LATEST TRANSACTION
control field 20260507075641.0
008 - FIXED-LENGTH DATA ELEMENTS--GENERAL INFORMATION
fixed length control field 260507s9999||||xx |||||||||||||| ||und||
040 ## - CATALOGING SOURCE
Transcribing agency fsecg
041 ## - LANGUAGE CODE
Language code of text/sound track or separate title ara
082 ## - DEWEY DECIMAL CLASSIFICATION NUMBER
Classification number 330.121
100 ## - MAIN ENTRY--PERSONAL NAME
Personal name الدبو، ابراهيم فاضل
Relator term مؤلف
245 #0 - TITLE STATEMENT
Title عقد المضاربة :
Remainder of title دراسة في الإقتصاد الإسلامي /
Statement of responsibility, etc. ابراهيم فاضل الدبو
260 ## - PUBLICATION, DISTRIBUTION, ETC.
Place of publication, distribution, etc. عمان:
Name of publisher, distributor, etc. دار عمار,
Date of publication, distribution, etc. 1998
300 ## - PHYSICAL DESCRIPTION
Extent 354 صفحة؛
Other physical details إيضاحات ؛
Dimensions 24 سم
504 ## - BIBLIOGRAPHY, ETC. NOTE
Bibliography, etc. note المراجع ص.340
520 ## - SUMMARY, ETC.
Summary, etc. في الشركة بصورة عامة- في التعريف بالمضاربة ودليل مشروعيتها- أركان المضاربة وشروط انعقادها- عقد المضاربة- طرفا عقد المضاربة- وظيفة العامل في مال المضاربة- الربح في المضاربة- أحكام المضاربة- أنواع المضاربة بالنسبة لآثارها المترتبة عليها- حكم المضاربة الصحيحة- حكم المضاربة الفاسدة- انتهاء المضاربة وما يترتب على ذلك من أحكام- أسباب انتهاء المضاربة- حكم انتهاء المضاربة عند اختلاف طرفيها
653 ## - INDEX TERM--UNCONTROLLED
Uncontrolled term الإقتصاد
653 ## - INDEX TERM--UNCONTROLLED
Uncontrolled term الإقتصاد الإسلامي
653 ## - INDEX TERM--UNCONTROLLED
Uncontrolled term المضاربة
942 ## - ADDED ENTRY ELEMENTS (KOHA)
Koha item type كتب
المقتنيات
Withdrawn status Lost status Source of classification or shelving scheme Damaged status Not for loan Home library Current library Date acquired Serial enumeration / chronology Inventory number Total checkouts Full call number Barcode Date last seen Price effective from Koha item type
    Dewey Decimal Classification   NOT LOAN / إعارة داخلية مكتبة كلية العلوم الإقتصادية والعلوم التجارية وعلوم التسيير مكتبة كلية العلوم الإقتصادية والعلوم التجارية وعلوم التسيير 07/05/2026 الطابق الأرضي 917/1   أ/917ن1 917/1 07/05/2026 07/05/2026 كتب

موارد الويب المفتوحة


© University of Algiers 3 All Rights Reserved
|
Implemented by LECHELAH Riad